ბათუმის შოთა რუსთაველის სახელმწიფო უნივერსიტეტის ბიბლიოთეკა

სალიტერატურო ენა და მწერლობა / (ბიბ.ჩანაწერი № 49617)

000 -ლიდერი
ფიქსირებული სიგრძის საკონტროლო ველი 01204nam a2200253Ia 4500
001 - საკონტროლო ნომერი
საკონტროლო ველი 16549
003 - საკონტროლო ნომრის იდენტიფიკატორი
საკონტროლო ველი GE_BSU
005 - ბოლო ოპერაციის თარიღი და დრო
საკონტროლო ველი 20250120172357.0
008 - ფიქსირებული სიგრძის მონაცემთა ელემენტები - ზოგადი ინფორმაცია
ფიქსირებული სიგრძის საკონტროლო ველი 181216s1962||||ge |||||||||||||| ||geo||
040 ## - კატალოგიზაციის წყარო
Transcribing agency GE_BSU
041 ## - ენის კოდი
Language code of text/sound track or separate title geo
080 ## - უნივერსალური ათობითი კლასიფიკაციის ინდექსი
Universal Decimal Classification number 811.353.1-26 + 821.353.1 ჭ-83
100 ## - მთავარი ჩანაწერი - პიროვნების სახელი
Personal name ჭუმბურიძე, ზ.
9 (RLIN) 24078
245 ## - ცნობა სათაურის შესახებ
Title სალიტერატურო ენა და მწერლობა /
Statement of responsibility, etc ზ. ჭამპურიძე ; რედ. : ს. ჭილაია.
264 ## - წარმოების, გამოცემის, დისტრიბუციის და სხვა ცნობები
გამოცემის, წარმოების, დისტრიბუციის... ადგილი თბილისი :
გამოცემის, წარმოების, დისტრიბუციის... სახელწოდება საბჭოთა მწერალი,
გამოცემის, წარმოების, დისტრიბუციის... თარიღი 1962.
300 ## - ფიზიკური აღწერა
Extent 254 გვ. ;
Dimensions 21 სმ
504 ## - BIBLIOGRAPHY, ETC. NOTE
Bibliography, etc ბიბლიოგრაფია შენიშვნებში
653 ## - INDEX TERM--UNCONTROLLED
Uncontrolled term ნარკვევები ქართულ სალიტერატურო ენასა და ქართულ მწერლობაზე
653 ## - INDEX TERM--UNCONTROLLED
Uncontrolled term სალიტერატურო ენა და მწერლობა
700 ## - ADDED ENTRY--PERSONAL NAME
Personal name ჭილაია, სერგი
Relator term რედაქტორი
9 (RLIN) 24079
700 ## - ADDED ENTRY--PERSONAL NAME
Personal name ჯანაშვილი, ირ.
Relator term მხატვარი
9 (RLIN) 3816
942 ## - ADDED ENTRY ELEMENTS (KOHA)
Koha item type წიგნი
Source of classification or shelving scheme
ეგზემპლარები
ჩამოწერის სტატუსი დაკარგული ეგზემპლარის სტატუსი კლასიფიკაციის წყარო ან თაროზე გაწყობის სქემა დაზიანების სტატუსი არ გაიცემა მუდმივი მდებარეობა (დაცვის ადგილი) ამჟამინდელი ადგილსამყოფელი თაროზე განთავსების ადგილი შეძენის თარიღი ღირებულება, შესყიდვის ნორმალური ფასი სრული შენახვის შიფრი შტრიხკოდი ბოლო ოპერაციის თარიღი ეგზემპლარის მიმდევრობითი ნომერი (კეტერი?) ფასის ძალაში შესვლის თარიღი ეგზემპლარის სახეობა საჯარო შენიშვნა
          ბათუმის შოთა რუსთაველის სახელმწიფო უნივერსიტეტის მთავარი ბიბლიოთეკა ბათუმის შოთა რუსთაველის სახელმწიფო უნივერსიტეტის მთავარი ბიბლიოთეკა წიგნსაცავი 2018-12-17 5.00 811.353.1-26 + 821.353.1 ჭ-83 27619 2018-12-17 27619 2018-12-17 წიგნი 5.00 ₾.